000 00668nam a22002417a 4500
003 UA-OsUOA
001 75498
007 ta
008 20110525b un ||||| |||| 00| 0 ukr d
100 _aЛиша Р.
090 _a821.161.2-1
_bЛ67
942 _cBK
040 _aUA-OsUOA
_bukr
_cUA-OsUOA
_dUA-OsUOA
245 _aЗірнула зірниця "Вибране і недруковане"
300 _a336 с.
955 _a3
041 _aukr
080 _a821.161.2-1
020 _a978-966-2151-42-8
260 _aК.
_bЯрославів Вал
_c2010
650 7 _a82 Література. Літературознавство
_2UDC
999 _c361800
_d361800